Portugal in the Eurozone: Evolution and Expectations CeBER Working Papers : No. 7 / 2019

Na minha lista:
Detalhes bibliográficos
Autor principal: Bação, Pedro Miguel Avelino
Outros Autores: Cerdeira, Sara, Duarte, António Portugal
Formato: Livro
Idioma:inglês
Publicado em: Coimbra CeBER 2019
Edição:1st Edition
Assuntos:
Tags: Adicionar Tag
Sem tags, seja o primeiro a adicionar uma tag!

MARC

LEADER 00000nlm a2200000 4500
001 0307724
005 20250319094135.2
041 0 |a eng 
044 |a PT 
245 1 0 |a Portugal in the Eurozone: Evolution and Expectations  |b CeBER Working Papers : No. 7 / 2019  |c Pedro Miguel Avelino Bação, Sara Cerdeira, António Portugal Duarte 
250 |a 1st Edition 
264 1 |a Coimbra  |b CeBER  |c 2019 
300 |a 26 s. 
610 2 0 |a eurozóna 
610 2 0 |a rozvoj hospodársky 
610 2 0 |a makroekonomika 
610 2 0 |a spolupráca hospodárska medzinárodná 
610 2 0 |a integrácia ekonomická medzinárodná 
610 2 0 |a Portugalsko 
100 1 |a Bação, Pedro Miguel Avelino 
700 1 |a Cerdeira, Sara 
700 1 |a Duarte, António Portugal